Normal view
MARC view
Entry Personal Name
001 - CONTROL NUMBER
- control field: 11472
003 - CONTROL NUMBER IDENTIFIER
- control field: dpl
005 - DATE AND TIME OF LATEST TRANSACTION
- control field: 20100812110132.0
008 - FIXED-LENGTH DATA ELEMENTS
- fixed length control field: 100812|||a|||||| | ||| d
040 ## - CATALOGING SOURCE
- Original cataloging agency: dpl
- Transcribing agency: dpl
100 ## - HEADING--PERSONAL NAME
- Personal name: Goyal, A. K.
670 ## - SOURCE DATA FOUND
- Source citation: Work cat.: (dpl)40821: Goyal, A. K., The C programming language /, 2008
670 ## - SOURCE DATA FOUND
- Source citation: Work cat.: (dpl)40821: Goyal, A. K., The C programming language /, 2008
